Health Psychology Services for People in Disadvantaged Regions of Hungary Experiences from the Primary Health Care Development Model Program /
Background: The importance of community health psychology in providing complex bio-psycho-social care is well documented. We present a mixed-method outcome-monitoring study of health psychology services in the public-health-focused Primary Health Care Development Model Program (2012–2017) in four di...
Elmentve itt :
| Szerzők: | |
|---|---|
| Dokumentumtípus: | Cikk |
| Megjelent: |
2023
|
| Sorozat: | INTERNATIONAL JOURNAL OF ENVIRONMENTAL RESEARCH AND PUBLIC HEALTH
20 No. 5 |
| Tárgyszavak: | |
| doi: | 10.3390/ijerph20053900 |
| mtmt: | 33664043 |
| Online Access: | http://publicatio.bibl.u-szeged.hu/26606 |
| LEADER | 02507nab a2200277 i 4500 | ||
|---|---|---|---|
| 001 | publ26606 | ||
| 005 | 20230226112028.0 | ||
| 008 | 230226s2023 hu o 0|| Angol d | ||
| 022 | |a 1661-7827 | ||
| 024 | 7 | |a 10.3390/ijerph20053900 |2 doi | |
| 024 | 7 | |a 33664043 |2 mtmt | |
| 040 | |a SZTE Publicatio Repozitórium |b hun | ||
| 041 | |a Angol | ||
| 100 | 1 | |a Sallay Viola | |
| 245 | 1 | 0 | |a Health Psychology Services for People in Disadvantaged Regions of Hungary |h [elektronikus dokumentum] : |b Experiences from the Primary Health Care Development Model Program / |c Sallay Viola |
| 260 | |c 2023 | ||
| 300 | |a 15 | ||
| 490 | 0 | |a INTERNATIONAL JOURNAL OF ENVIRONMENTAL RESEARCH AND PUBLIC HEALTH |v 20 No. 5 | |
| 520 | 3 | |a Background: The importance of community health psychology in providing complex bio-psycho-social care is well documented. We present a mixed-method outcome-monitoring study of health psychology services in the public-health-focused Primary Health Care Development Model Program (2012–2017) in four disadvantaged micro-regions in northeast Hungary. Methods: Study 1 assessed the availability of the services using a sample of 17,003 respondents. Study 2 applied a follow-up design to measure the mental health outcomes of the health psychology services on a sample of 132 clients. In Study 3, we conducted focus-group interviews to assess clients’ lived experiences. Results: More mental health issues and higher education predicted a higher probability of service use. Follow-up showed that individual and group-based psychological interventions resulted in less depression and (marginally) higher well-being. Thematic analysis of the focus-group interviews indicated that participants deemed topics such as psychoeducation, greater acceptance of psychological support, and heightened awareness of individual and community support important. Conclusions: The results of the monitoring study demonstrate the important role health psychology services can play in primary healthcare in disadvantaged regions in Hungary. Community health psychology can improve well-being, reduce inequality, raise the population’s health awareness, and address unmet social needs in disadvantaged regions. | |
| 650 | 4 | |a Orvos- és egészségtudomány | |
| 650 | 4 | |a Pszichológia | |
| 700 | 0 | 1 | |a Martos Tamás |e aut |
| 700 | 0 | 1 | |a Lucza Lilla |e aut |
| 700 | 0 | 2 | |a Papp-Zipernovszky Orsolya |e aut |
| 700 | 0 | 2 | |a Csabai Márta |e aut |
| 856 | 4 | 0 | |u http://publicatio.bibl.u-szeged.hu/26606/1/ijerph-20-03900.pdf |z Dokumentum-elérés |